MARC details
| 000 -LEADER |
| fixed length control field |
03342nam a22003137a 4500 |
| 007 - PHYSICAL DESCRIPTION FIXED FIELD--GENERAL INFORMATION |
| fixed length control field |
cr |
| 008 - FIXED-LENGTH DATA ELEMENTS--GENERAL INFORMATION |
| fixed length control field |
231020e20230731ag |||||om||| 00| 0 spa d |
| 040 ## - CATALOGING SOURCE |
| Transcribing agency |
AR-FvUNAJ |
| Modifying agency |
AR-FvUNAJ |
| Description conventions |
aacr2 |
| 041 ## - LANGUAGE CODE |
| Language code of text/sound track or separate title |
spa |
| 100 1# - MAIN ENTRY--PERSONAL NAME |
| 9 (RLIN) |
19388 |
| Personal name |
Salinas, Samantha Victoria |
| 245 10 - TITLE STATEMENT |
| Title |
Seroprevalencia de Toxocariosis en pacientes del Hospital de Alta Complejidad en red El Cruce - Dr. Néstor Kirchner / |
| Statement of responsibility, etc |
Salinas, Samantha Victoria |
| 260 ## - PUBLICATION, DISTRIBUTION, ETC. (IMPRINT) |
| Place of publication, distribution, etc |
Florencio Varela : |
| Name of publisher, distributor, etc |
Universidad Nacional Arturo Jauretche, |
| Date of publication, distribution, etc |
2023 |
| 300 ## - PHYSICAL DESCRIPTION |
| Extent |
61 p. : |
| Other physical details |
Digital. |
| 502 ## - DISSERTATION NOTE |
| Tipo de título |
Tesis para obtener el titulo de Bioquímico/a. |
| Nombre de la institución que otorga el título |
Universidad Nacional Arturo Jauretche. |
| 520 3# - SUMMARY, ETC. |
| Summary, etc |
Se realizó un trabajo epidemiológico a partir de un estudio descriptivo, retrospectivo y de corte transversal, sin intervención, acerca de la seroprevalencia de Toxocariosis en 664 resultados de muestras de suero pacientes, internos y derivadas de la red del hospital, analizadas en el laboratorio del Hospital de Alta Complejidad en red El Cruce - Dr. Néstor Kirchner, desde enero de 2014 a marzo de 2023. Se determinó la presencia de anticuerpos de tipo IgG anti-Toxocara canis mediante el método de ELISA indirecto, utilizando un test comercial. Del total de resultados validados, un 40,96% resultaron reactivos, correspondiendo 141 resultados a pacientes femeninos y 131 a pacientes masculinos, comprendidos en distintos períodos etarios, 6 meses - 3 años, 4 - 5 años, 6 - 11 años, 12 - 18 años y mayores de 18 años. Se observó un mayor porcentaje de reactividad en muestras de pacientes pediátricos de 6 - 11 años y 6 meses - 3 años, respecto al resto. Luego, se estudió la relación entre la reactividad de las muestras con el conteo de eosinófilos y el título de IgE, observándose una correlación entre la presencia de anticuerpos IgG anti-Toxocara canis, eosinofilia y un título elevado de IgE en un 80% de las 23 muestras reactivas analizadas que contaban con resultados del test serológico para Toxocara, el hemograma con conteo de eosinófilos y determinación del título de IgE. Además, se correlacionó la frecuencia de Toxocariosis de acuerdo con servicio que solicitó la realización del test al laboratorio, tanto de los distintos sectores del Hospital El Cruce, como de los distintos centros de atención pertenecientes a la red del hospital, encontrándose mayor reactividad en pacientes del sector de pediatría del hospital, así como en 4 hospitales pertenecientes a la red. Por último, se realizó un análisis de frecuencia por año, encontrando que en el año 2019 se obtuvo la mayor frecuencia de Toxocariosis con un 10.54% de reactividad. |
| 540 ## - TERMS GOVERNING USE AND REPRODUCTION NOTE |
| Terms governing use and reproduction |
Esta obra está bajo una Licencia Creative Commons. Atribución – No comercial 4.0 |
| Uniform Resource Identifier |
<a href="https://creativecommons.org/licenses/by-nc/4.0/">https://creativecommons.org/licenses/by-nc/4.0/</a> |
| 630 00 - SUBJECT ADDED ENTRY--UNIFORM TITLE |
| 9 (RLIN) |
11366 |
| Uniform title |
Bioquímica |
| 650 27 - SUBJECT ADDED ENTRY--TOPICAL TERM |
| Source of heading or term |
decs |
| 9 (RLIN) |
19389 |
| Topical term or geographic name as entry element |
TOXOCARIASIS |
| 650 27 - SUBJECT ADDED ENTRY--TOPICAL TERM |
| Source of heading or term |
decs |
| 9 (RLIN) |
19390 |
| Topical term or geographic name as entry element |
TOXOCARA CANIS |
| 650 27 - SUBJECT ADDED ENTRY--TOPICAL TERM |
| Source of heading or term |
decs |
| 9 (RLIN) |
19391 |
| Topical term or geographic name as entry element |
EOSINOFILIA |
| 650 27 - SUBJECT ADDED ENTRY--TOPICAL TERM |
| Source of heading or term |
decs |
| 9 (RLIN) |
19392 |
| Topical term or geographic name as entry element |
INMUNOGLOBULINA E |
| 653 20 - INDEX TERM--UNCONTROLLED |
| Uncontrolled term |
Frecuencia |
| 653 20 - INDEX TERM--UNCONTROLLED |
| Uncontrolled term |
ELISA IgG |
| 700 1# - ADDED ENTRY--PERSONAL NAME |
| 9 (RLIN) |
14507 |
| Personal name |
Villagra, Andrea Patricia Magdalena |
| Relator term |
Directora |
| 856 41 - ELECTRONIC LOCATION AND ACCESS |
| Electronic format type |
application/pdf |
| Uniform Resource Identifier |
<a href="https://rid.unaj.edu.ar/handle/123456789/2563">https://rid.unaj.edu.ar/handle/123456789/2563</a> |
| 942 ## - ADDED ENTRY ELEMENTS (KOHA) |
| Source of classification or shelving scheme |
Dewey Decimal Classification |
| Item type |
Trabajo final de grado |
| 980 ## - EQUIVALENCE OR CROSS-REFERENCE-SERIES STATEMENT--PERSONAL NAME/TITLE [LOCAL, CANADA] |
| Linkage |
20072 |
| Personal name |
Matías Regueira |
| Field link and sequence number |
20072 |
| Miscellaneous information |
Matías Regueira |